000 00989nam a22001937a 4500
001 9442
003 FISKH
005 20260108114358.0
008 260108b cb ||||| |||| 00| 0 eng d
040 _aFISKH
_beng
_cFISKH
_dFISKH
082 _a338.4796
100 _aAnonymous
245 _aAnnual tourism statistics report /
_cBy Anonymous
260 _aPhnom Penh :
_c2024 .
300 _a59 pages :
_bcolor illustrations ;
_c30 cm .
520 _aThis book provides a comprehensive annual report on tourism statistics, including data on visitor arrivals, expenditures, hotel occupancy, popular destinations, and tourism trends. It is a key resource for government agencies, tourism planners, researchers, and investors, offering insights into the economic impact of tourism and patterns of travel over the year. By analyzing statistics and trends, the report helps in policy-making, marketing strategies, and sustainable tourism development.
942 _2ddc
_cBK
_n0
999 _c9442
_d9442